000 00583nam a22001937a 4500
003 KOHA_MİRAKIL
005 20260324110937.0
008 260324b tu ||||| |||| 00| 0 tur d
020 _a9786052983997
040 _aTR-AnABB
_btur
_cTR-AnABB
041 _atur
082 _a320.9561
_bKÜÇ 2018
100 1 _aKüçükkaya, Aykut
245 1 0 _aThe Ortak :
_b"Hepiniz Oradaydınız" Belgeseli /
_cAykut Küçükkaya
260 _aİstanbul ;
_bKırmızı Kedi Yayınevi,
_c2018
300 _a276 sayfa :
_c20 cm
650 0 4 _aSiyasi tarih, Türkiye
942 _2ddc
_cBK
999 _c10002
_d10002
900 _bCem ÖZOGLU